| 000 | 00709cam a22002051 4500 | ||
|---|---|---|---|
| 008 | |||
| 090 |
_aNA1148 _bDUT |
||
| 100 | 1 | _aMieras, J. P. | |
| 245 | 1 | 0 |
_aDutch architecture of the xxth century / _cedited by J.P. Mieras ... and F.R. Yerbury ... with photographs specially taken by F.R. Yerbury, and an introduction by J.P. Mieras. |
| 260 |
_aNew York : _bC. Scribner's sons, _c1926. |
||
| 300 |
_axv p. _billus. _c28 x 22 cm. |
||
| 650 | 0 |
_aArchitecture _zNetherlands. |
|
| 700 | 1 | _aYerbury, Francis Rowland. | |
| 907 |
_a.b10191902 _b21-03-13 _c13-02-06 |
||
| 003 | |||
| 005 | 20230120131030.0 | ||
| 040 | _cNUST | ||
| 049 | _aMAIN | ||
| 942 |
_cBOOKS _kNA1148 _mDUT |
||
| 999 |
_c95644 _d95644 |
||